ბათუმის შოთა რუსთაველის სახელმწიფო უნივერსიტეტის ბიბლიოთეკა

საუკუნის მკვლელობა (ბიბ.ჩანაწერი № 48750)

000 -LEADER
fixed length control field 00885nam a2200253Ia 4500
001 - CONTROL NUMBER
control field 15651
003 - CONTROL NUMBER IDENTIFIER
control field GE_BSU
008 - FIXED-LENGTH DATA ELEMENTS--GENERAL INFORMATION
fixed length control field 181216s||||||||xx |||||||||||||| ||und||
020 ## - INTERNATIONAL STANDARD BOOK NUMBER
International Standard Book Number 99928-52-54-2
040 ## - CATALOGING SOURCE
Transcribing agency GE_BSU
080 ## - UNIVERSAL DECIMAL CLASSIFICATION NUMBER
Universal Decimal Classification number 821.353.1-32 + 821.353.1-2
100 ## - MAIN ENTRY--PERSONAL NAME
Personal name ბუღაძე, ლაშა
245 ## - TITLE STATEMENT
Title საუკუნის მკვლელობა
245 ## - TITLE STATEMENT
Remainder of title მოთხრობები, პიესები
245 ## - TITLE STATEMENT
Statement of responsibility, etc. ყდის დიზაინი ირაკლი ვარვარიძე
260 ## - PUBLICATION, DISTRIBUTION, ETC.
Place of publication, distribution, etc. თბილისი
260 ## - PUBLICATION, DISTRIBUTION, ETC.
Name of publisher, distributor, etc. ბაკურ სულაკაურის გამ-ბა
260 ## - PUBLICATION, DISTRIBUTION, ETC.
Date of publication, distribution, etc. 2000
300 ## - PHYSICAL DESCRIPTION
Extent 115გვ. ; 16სმ.
653 ## - INDEX TERM--UNCONTROLLED
Uncontrolled term მოთხრობები, პიესები
653 ## - INDEX TERM--UNCONTROLLED
Uncontrolled term საუკუნის მკვლელობა
942 ## - ADDED ENTRY ELEMENTS (KOHA)
Koha item type წიგნი
ეგზემპლარები
Withdrawn status Lost status Damaged status Not for loan Date acquired Barcode Date last seen Price effective from Koha item type
        2018-12-17 38749 2018-12-17 2018-12-17 წიგნი